Normal view
MARC view
- الأدب العربي - تاريخ ونقد
Entry Topical Term
001 - CONTROL NUMBER
- control field: 26561
003 - CONTROL NUMBER IDENTIFIER
- control field: JO-AjAnu
005 - DATE AND TIME OF LATEST TRANSACTION
- control field: 20230606074526.0
008 - FIXED-LENGTH DATA ELEMENTS
- fixed length control field: 230606|| aca||aabn | a|a d
040 ## - CATALOGING SOURCE
- Original cataloging agency: JO-AjAnu
- Transcribing agency: JO-AjAnu
150 ## - HEADING--TOPICAL TERM
- Topical term or geographic name entry element: الأدب العربي - تاريخ ونقد
670 ## - SOURCE DATA FOUND
- Source citation: Work cat.: (JO-AjAnu)13646: تأليف الرافعي، مصطفى صادق ؛ راجعه وضبطه المنشاوي، عبد الله ، مهدي البحقيري, author 26560, تاريخ آداب العرب، الجزء الأول